000 01540nam a2200385 c 4500
001 24067
003 ES-MaCES
005 20141221122902.0
008 111103s2011 sp l o000 | spa d
017 _aM 3082-2002
_bDL
024 7 _a601-11-108-5
_2nipo
035 _aCES20110008536m
040 _aES-MaCES
_bspa
_cES-MaCES
110 1 _aEspaña
_tReal Decreto Legislativo por el que se aprueba el texto refundido de la Ley de regulación de los planes y fondos de pensiones
_d2002
_93332
245 1 0 _aPlanes y fondos de pensiones
_b: texto refundido y Reglamento : (actualización mayo 2011)
250 _a5ª ed
260 _a[Madrid]
_bMinisterio de Economía y Hacienda, Centro de Publicaciones
_c2011
300 _a280 p.
_c17 cm
490 1 _aTextos legales / separata del Boletín Oficial del Ministerio de Economía y Hacienda
_v8-2011
500 _aÍndices
541 _cGratuito
650 4 _arégimen de pensión
_927042
650 4 _arégimen privado de pensión
_930260
650 4 _afondo de jubilaciones
_929816
650 4 _aEspaña
_926964
650 4 _alegislación de seguridad social
_929855
650 4 _atexto
_929624
653 1 0 _aLegislación
710 1 _aEspaña
_bMinisterio de Economía y Hacienda
_eed.
_93237
775 0 _tPlanes y fondos de pensiones
_w(ES-MaCES)21500
830 0 _aTextos legales / separata del Boletín Oficial del Ministerio de Economía y Hacienda
_v8-2011
_934038
902 _aLIB Libro
942 _2CES
_cBK
_h6.1.
999 _c24067
_d24067